Microsoft Windows 2000 Professional có gì mới ? /

Tổng quan về Microsoft Windows 2000 Professional; Dễ sử dụng hơn; Nhanh chóng an toàn bảo mật tích hợp ưu điểm từ windows 98; Giảm tổng phí quyền sở hữu.

Salvato in:
Dettagli Bibliografici
Ente Autore: VN-Guide (biên dịch.)
Natura: Libro
Lingua:Vietnamese
Pubblicazione: Tp.HCM : Thống kê, 2000.
Soggetti:
Tags: Aggiungi Tag
Nessun Tag, puoi essere il primo ad aggiungerne! !
Thư viện lưu trữ: Mạng thư viện Đại học Đà Nẵng
LEADER 01083cam a2200361 a 4500
001 000042745
003 620
005 20060104100349.0
008 010217b2000 vm 000 vie
020 |c 58000 
022 |a T 
040 |a IRC  |c IRC  |d IRC 
041 1 |a vie 
082 1 4 |a 005.4  |b Mi-W 
245 0 0 |a Microsoft Windows 2000 Professional có gì mới ? /  |c VN-Guide dịch. 
260 |a Tp.HCM :  |b Thống kê,  |c 2000. 
300 |a 601 tr. ;  |c 20,5 cm. 
520 3 |a Tổng quan về Microsoft Windows 2000 Professional; Dễ sử dụng hơn; Nhanh chóng an toàn bảo mật tích hợp ưu điểm từ windows 98; Giảm tổng phí quyền sở hữu. 
630 0 4 |a Tin học. 
630 0 4 |a Windows. 
630 0 4 |a Computer. 
650 0 4 |a Windows (Hệ điều hành máy tính) 
710 2 |a VN-Guide,  |e biên dịch. 
OWN |a DUT 
999 |a From the UDN01 
TYP |a Monograph 
TYP |a Printed language 
980 |a Mạng thư viện Đại học Đà Nẵng